000 00501nmm a2200169Ia 4500
008 251105s9999||||xx |||||||||||||||||und||
020 _a9788416375585
041 _aspa
100 _aPardo Bazán, Emilia
245 0 _aEl cisne de Vilamorta
264 _a[Madrid, España] :
_bEditorial Minimal,
_c2015
300 _a152 páginas
490 _aImprescindibles de la literatura castellana
650 _aSpanish narrative
856 _uhttps://public.digitaliapublishing.com/a/40375
942 _cCF
999 _c77667
_d77667